<?xml version="1.0" encoding="UTF-8"?>
<record
    xmlns:xsi="http://www.w3.org/2001/XMLSchema-instance"
    xsi:schemaLocation="http://www.loc.gov/MARC21/slim http://www.loc.gov/standards/marcxml/schema/MARC21slim.xsd"
    xmlns="http://www.loc.gov/MARC21/slim">

  <leader>01050nam0a2200289   4500</leader>
  <controlfield tag="001">RU\NLR\BIBL_A\012182018</controlfield>
  <controlfield tag="005">20250623222613.0</controlfield>
  <datafield tag="035" ind1=" " ind2=" ">
    <subfield code="a">(NLR Aleph) 012182018</subfield>
  </datafield>
  <datafield tag="090" ind1=" " ind2=" ">
    <subfield code="a">12282494</subfield>
    <subfield code="c">12282494</subfield>
  </datafield>
  <datafield tag="100" ind1=" " ind2=" ">
    <subfield code="a">20200120d1986    |||y0rusy50      ca</subfield>
  </datafield>
  <datafield tag="101" ind1="0" ind2=" ">
    <subfield code="a">abk</subfield>
  </datafield>
  <datafield tag="102" ind1=" " ind2=" ">
    <subfield code="a">RU</subfield>
  </datafield>
  <datafield tag="105" ind1=" " ind2=" ">
    <subfield code="a">y   z   000 y</subfield>
  </datafield>
  <datafield tag="181" ind1=" " ind2="0">
    <subfield code="a">i</subfield>
    <subfield code="b">axxe</subfield>
  </datafield>
  <datafield tag="182" ind1=" " ind2="0">
    <subfield code="a">n</subfield>
  </datafield>
  <datafield tag="200" ind1="1" ind2=" ">
    <subfield code="a">&#x410;&#x4A7;&#x441;&#x443;&#x430; &#x436;&#x4D9;&#x430;&#x4A7;&#x49F;&#x430;&#x49B;&#x443;&#x430;</subfield>
    <subfield code="a">&#x430;&#x436;&#x4D9;&#x435;&#x438;&#x43D;&#x440;&#x430;&#x43B;&#x430;&#x49B;&#x443;&#x435;&#x438; &#x430;&#x436;&#x4D9;&#x430;&#x4A7;&#x4B5;&#x430;&#x49B;&#x443;&#x435;&#x438;</subfield>
    <subfield code="f">&#x438;&#x430;&#x43D;&#x438;&#x4B5;&#x435;&#x438;&#x442; &#x410;&#x43B;&#x44B;&#x49B;&#x44C;&#x441;&#x430; &#x410;&#x440;&#x4B7;&#x435;&#x43B;&#x438;&#x430;</subfield>
  </datafield>
  <datafield tag="203" ind1=" " ind2=" ">
    <subfield code="a">&#x422;&#x435;&#x43A;&#x441;&#x442;</subfield>
    <subfield code="b">&#x432;&#x438;&#x437;&#x443;&#x430;&#x43B;&#x44C;&#x43D;&#x44B;&#x439;</subfield>
    <subfield code="c">&#x43D;&#x435;&#x43F;&#x43E;&#x441;&#x440;&#x435;&#x434;&#x441;&#x442;&#x432;&#x435;&#x43D;&#x43D;&#x44B;&#x439;</subfield>
  </datafield>
  <datafield tag="210" ind1=" " ind2=" ">
    <subfield code="a">&#x410;&#x49F;&#x4D9;&#x430;</subfield>
    <subfield code="c">&#x410;&#x448;&#x4D9;&#x49F;&#x443;&#x4AD;&#x44B;&#x436;&#x44C;&#x44B;&#x440;&#x4AD;&#x430; "&#x410;&#x43B;&#x430;&#x448;&#x430;&#x440;&#x430;"</subfield>
    <subfield code="d">1986</subfield>
  </datafield>
  <datafield tag="215" ind1=" " ind2=" ">
    <subfield code="a">46, [1] &#x441;.</subfield>
    <subfield code="d">12</subfield>
  </datafield>
  <datafield tag="541" ind1="1" ind2=" ">
    <subfield code="a">&#x410;&#x431;&#x445;&#x430;&#x437;&#x441;&#x43A;&#x438;&#x435; &#x43F;&#x43E;&#x441;&#x43B;&#x43E;&#x432;&#x438;&#x446;&#x44B;</subfield>
    <subfield code="z">rus</subfield>
  </datafield>
  <datafield tag="606" ind1="1" ind2=" ">
    <subfield code="a">&#x410;&#x431;&#x445;&#x430;&#x437;&#x441;&#x43A;&#x438;&#x439; &#x444;&#x43E;&#x43B;&#x44C;&#x43A;&#x43B;&#x43E;&#x440;</subfield>
    <subfield code="9">1077354</subfield>
    <subfield code="3">RU\NLR\AUTH\66101825</subfield>
  </datafield>
  <datafield tag="686" ind1="1" ind2=" ">
    <subfield code="a">&#x428;3(247=&#x410;&#x431;)-651</subfield>
  </datafield>
  <datafield tag="702" ind1=" " ind2="1">
    <subfield code="a">&#x410;&#x440;&#x447;&#x435;&#x43B;&#x438;&#x430;</subfield>
    <subfield code="b">&#x410;. &#x425;.</subfield>
    <subfield code="g">&#x410;&#x43B;&#x435;&#x43A;&#x441;&#x435;&#x439; &#x425;&#x444;&#x430;&#x440;&#x43E;&#x432;&#x438;&#x447;</subfield>
    <subfield code="4">206</subfield>
  </datafield>
  <datafield tag="852" ind1=" " ind2=" ">
    <subfield code="a">NLR</subfield>
    <subfield code="b">&#x41E;&#x41D;&#x41B;</subfield>
    <subfield code="j">&#x410;&#x431;&#x445;&#x430;&#x437;./1-65</subfield>
  </datafield>
  <datafield tag="942" ind1=" " ind2=" ">
    <subfield code="c">BOOK</subfield>
  </datafield>
  <datafield tag="980" ind1=" " ind2=" ">
    <subfield code="a">NB</subfield>
  </datafield>
  <datafield tag="995" ind1=" " ind2=" ">
    <subfield code="5">2020-01-20</subfield>
    <subfield code="b">NLR01</subfield>
    <subfield code="c">NLR01</subfield>
    <subfield code="e">ONL01</subfield>
    <subfield code="f">1-2402902</subfield>
    <subfield code="k">&#x41E;&#x41D;&#x41B; &#x410;&#x431;&#x445;&#x430;&#x437;./1-65</subfield>
    <subfield code="o">0</subfield>
    <subfield code="r">BOOK</subfield>
    <subfield code="s">_165</subfield>
  </datafield>
</record>
